Dane - hlavný príjmový zdroj a regulátor hospodárskej politiky štátu

Štát na regulovanie hospodárskej politiky využíva rôzne ekonomické nástroje - nedaňové regulatívne ekonomické nástroje a daňové regulatívne ekonomické nástroje. Regulatívna úloha daňových nástrojov sa prejavuje v týchto polohách: progresívne daňové stupnice, stimulácia investovania a vedecko-technic...

Description complète

Enregistré dans:
Détails bibliographiques
Auteur principal: Burák, Emil
Format: Chapitre de livre
Langue:slovaque
anglais
Sujets:
Tags: Ajouter un tag
Pas de tags, Soyez le premier à ajouter un tag!

MARC

LEADER 00000naa a2200000 4500
001 r022432
005 20221208113706.8
041 0 |a slo 
041 0 |a eng 
044 |a SK 
245 1 0 |a Dane - hlavný príjmový zdroj a regulátor hospodárskej politiky štátu  |c Emil Burák 
520 |a Štát na regulovanie hospodárskej politiky využíva rôzne ekonomické nástroje - nedaňové regulatívne ekonomické nástroje a daňové regulatívne ekonomické nástroje. Regulatívna úloha daňových nástrojov sa prejavuje v týchto polohách: progresívne daňové stupnice, stimulácia investovania a vedecko-technického rozvoja, sociálna problematika daní, účelové dane osobitného určenia, regionálna problematika daní, alokácia použitia daňových výnosov. 
610 2 0 |a dane 
610 2 0 |a príjmy rozpočtu štátneho 
610 2 0 |a politika hospodárska 
610 2 0 |a nástroje ekonomické 
610 2 0 |a regulácia štátna 
610 2 0 |a sadzby daňové 
610 2 0 |a únik daňový 
610 2 0 |a úľavy daňové 
610 2 0 |a Slovensko 
100 1 |a Burák, Emil